[Event "WLS-chT"]
[Site "Wales"]
[Date "2023.02.19"]
[Round "1"]
[White "May, Frank"]
[Black "Bullen, Alex"]
[Result "0-1"]
[WhiteElo "2025"]
[BlackElo "2201"]
[PlyCount "50"]
[EventDate "2023.02.19"]
[EventType "team-tourn"]
[EventRounds "5"]
[EventCountry "WLS"]
[SourceTitle "EXT 2024"]
[Source "ChessBase"]
[SourceDate "2023.10.10"]
[SourceVersion "1"]
[SourceVersionDate "2023.10.10"]
[SourceQuality "1"]
[WhiteTeam "Abergavenny"]
[BlackTeam "Cardiff"]
[WhiteTeamCountry "WLS"]
[BlackTeamCountry "WLS"]

1. d4 d5 2. c4 e6 3. Nc3 a6 4. cxd5 exd5 5. Nf3 Nf6 6. Bg5 Be6 7. e3 c6 8. Bd3 Bd6 9. 0-0 Nbd7 10. e4 dxe4 11. Nxe4 Be7 12. Re1 Nxe4 13. Bxe7 Nxf2 14. Bxd8 Nxd1 15. Raxd1 Kxd8 16. Rxe6 fxe6 17. Ng5 Re8 18. Bxh7 Nf8 19. Bc2 Kc7 20. Rf1 Re7 21. Bb3 Rae8 22. Nf3 Nd7 23. Rd1 e5 24. d5 cxd5 25. Rxd5 e4 0-1

[Event "Wales-chT 1920"]
[Site "Wales"]
[Date "2019.12.01"]
[Round "2.2"]
[White "Morris, Gareth"]
[Black "May, Frank"]
[Result "1-0"]
[WhiteElo "2013"]
[BlackElo "2029"]
[PlyCount "77"]
[EventDate "2019.10.20"]
[EventType "team-tourn"]
[EventRounds "7"]
[EventCountry "WLS"]
[SourceTitle "EXT 2022"]
[Source "ChessBase"]
[SourceDate "2021.10.06"]
[SourceVersion "1"]
[SourceVersionDate "2021.10.06"]
[SourceQuality "1"]
[WhiteTeam "Nidum"]
[BlackTeam "Abergavenny"]
[WhiteTeamCountry "WLS"]
[BlackTeamCountry "WLS"]

1. d4 e6 2. c4 Bb4+ 3. Nd2 Nf6 4. e3 0-0 5. Bd3 d6 6. a3 Bxd2+ 7. Bxd2 e5 8. h3 exd4 9. exd4 Re8+ 10. Ne2 d5 11. c5 b6 12. b4 Ne4 13. Be3 Bf5 14. 0-0 Nc6 15. Rc1 Ne7 16. Qc2 Bg6 17. Nf4 Nf5 18. Qa2 Nxe3 19. fxe3 Nf6 20. Nxg6 hxg6 21. Qf2 Re7 22. Rce1 Qd7 23. Qf4 Rf8 24. Rc1 Rfe8 25. Rfe1 Ne4 26. b5 g5 27. Qf3 f5 28. cxb6 axb6 29. Qh5 Qd6 30. Bxe4 Rxe4 31. Qxg5 Qxa3 32. Rxc7 Qf8 33. Kf2 R8e7 34. Rxe7 Rxe7 35. Rc1 Rf7 36. g3 Qe8 37. Qg6 Qxb5 38. Rc8+ Rf8 39. Qe6+ 1-0

[Event "WLS-chT 1819"]
[Site "Wales"]
[Date "2018.11.04"]
[Round "1.10"]
[White "May, Adam John"]
[Black "May, Frank"]
[Result "0-1"]
[WhiteElo "1913"]
[BlackElo "2068"]
[PlyCount "78"]
[EventDate "2018.11.04"]
[EventType "team-tourn"]
[EventRounds "5"]
[EventCountry "WLS"]
[SourceTitle "EXT 2020"]
[Source "ChessBase"]
[SourceDate "2019.10.17"]
[SourceVersion "1"]
[SourceVersionDate "2019.10.17"]
[SourceQuality "1"]
[WhiteTeam "White Knights"]
[BlackTeam "Abergavenny"]
[WhiteTeamCountry "WLS"]
[BlackTeamCountry "WLS"]

1. c4 e6 2. g3 Nf6 3. Bg2 d5 4. Nf3 Be7 5. 0-0 0-0 6. b3 Nbd7 7. Bb2 c6 8. d3 a5 9. a3 b5 10. Nbd2 Rb8 11. Qc2 Qb6 12. Rab1 Ba6 13. e4 Rfc8 14. Rfe1 Qd8 15. e5 Ne8 16. Nf1 a4 17. b4 bxc4 18. dxc4 Bxc4 19. Qxa4 c5 20. N1d2 cxb4 21. Nxc4 Rxc4 22. Nd2 Rcc8 23. axb4 Rxb4 24. Qd1 Rcb8 25. Bc3 Rxb1 26. Nxb1 Bc5 27. Nd2 Qb6 28. Qf3 Rc8 29. Ba1 Bd4 30. Bxd4 Qxd4 31. Qf4 Qxf4 32. gxf4 g6 33. Bf1 Ng7 34. Bb5 Nf8 35. Kg2 Rb8 36. Be2 Nf5 37. Rc1 Rb2 38. Rd1 Rb4 39. Kf3 Nd4+ 0-1

[Event "Dyfed op 47th"]
[Site "Fishguard"]
[Date "2018.02.18"]
[Round "4"]
[White "Waterfield, John"]
[Black "May, Frank"]
[Result "1/2-1/2"]
[WhiteElo "1919"]
[BlackElo "2096"]
[PlyCount "28"]
[EventDate "2018.02.16"]
[EventType "swiss"]
[EventRounds "5"]
[EventCountry "WLS"]
[SourceTitle "EXT 2020"]
[Source "ChessBase"]
[SourceDate "2019.10.17"]
[SourceVersion "1"]
[SourceVersionDate "2019.10.17"]
[SourceQuality "1"]

1. e4 Nf6 2. Nc3 e6 3. e5 Nd5 4. Nxd5 exd5 5. d4 d6 6. f4 c5 7. Nf3 Nc6 8. c3 dxe5 9. fxe5 cxd4 10. cxd4 Bb4+ 11. Bd2 0-0 12. Be2 Bxd2+ 13. Qxd2 f6 14. 0-0 fxe5 1/2-1/2

[Event "Dyfed op 47th"]
[Site "Fishguard"]
[Date "2018.02.17"]
[Round "3"]
[White "May, Frank"]
[Black "Moore, Robert"]
[Result "1/2-1/2"]
[WhiteElo "2096"]
[BlackElo "1840"]
[PlyCount "80"]
[EventDate "2018.02.16"]
[EventType "swiss"]
[EventRounds "5"]
[EventCountry "WLS"]
[SourceTitle "EXT 2020"]
[Source "ChessBase"]
[SourceDate "2019.10.17"]
[SourceVersion "1"]
[SourceVersionDate "2019.10.17"]
[SourceQuality "1"]

1. Nf3 d5 2. g3 Nf6 3. Bg2 g6 4. b3 Bg7 5. Bb2 0-0 6. 0-0 c6 7. c4 Nh5 8. Bxg7 Nxg7 9. d4 Nd7 10. cxd5 cxd5 11. Nc3 e6 12. Rc1 b6 13. Qd2 Ba6 14. Rfd1 Rc8 15. Ne1 Nf5 16. f3 Qf6 17. e4 dxe4 18. fxe4 Ng7 19. Nf3 Rfd8 20. Qe3 Qe7 21. e5 Nf5 22. Qf4 Qb4 23. Ne4 Be2 24. Rxc8 Rxc8 25. Qd2 Qxd2 26. Rxd2 Bxf3 27. Bxf3 Kg7 28. g4 Ne7 29. Nd6 Rc1+ 30. Kf2 Nd5 31. g5 Nb8 32. Bxd5 exd5 33. Kg2 Nc6 34. Rf2 Nd8 35. Ne8+ Kf8 36. Nf6 Ne6 37. Rd2 Nxg5 38. Nxd5 Ne4 39. Re2 Nc3 40. Nxc3 Rxc3 1/2-1/2

[Event "WLS-chT 1718"]
[Site "Wales"]
[Date "2017.10.22"]
[Round "1.16"]
[White "May, Frank"]
[Black "Young, Alan J"]
[Result "1/2-1/2"]
[WhiteElo "2095"]
[BlackElo "2023"]
[PlyCount "63"]
[EventDate "2017.10.22"]
[EventType "team-tourn"]
[EventRounds "5"]
[EventCountry "WLS"]
[SourceTitle "EXT 2020"]
[Source "ChessBase"]
[SourceDate "2019.10.17"]
[SourceVersion "1"]
[SourceVersionDate "2019.10.17"]
[SourceQuality "1"]
[WhiteTeam "Abergavenny"]
[BlackTeam "White Knights"]
[WhiteTeamCountry "WLS"]
[BlackTeamCountry "WLS"]

1. Nf3 d5 2. e3 Nf6 3. c4 e6 4. b3 Be7 5. Bb2 0-0 6. Be2 c5 7. 0-0 Nc6 8. d4 cxd4 9. exd4 b6 10. Nc3 Bb7 11. Ne5 Rc8 12. Nb5 a6 13. Nxc6 Rxc6 14. Nc3 dxc4 15. bxc4 Rd6 16. Na4 Qa8 17. Bf3 Rfd8 18. Bxb7 Qxb7 19. Qb3 Rb8 20. Rad1 Rd7 21. Ba3 Bxa3 22. Qxa3 Rbd8 23. Qb4 Qc6 24. Nxb6 Rb7 25. c5 Nd7 26. Rb1 Rdb8 27. Rfc1 h6 28. g3 Nxb6 29. cxb6 Qxb6 30. Qxb6 Rxb6 31. Rc8+ Rxc8 32. Rxb6 1/2-1/2

[Event "Dyfed op"]
[Site "Fishguard"]
[Date "2017.02.26"]
[Round "5"]
[White "Byway, Paul V"]
[Black "May, Frank"]
[Result "1/2-1/2"]
[WhiteElo "2054"]
[BlackElo "2103"]
[PlyCount "28"]
[EventDate "2017.02.24"]
[EventType "swiss"]
[EventRounds "5"]
[EventCountry "WLS"]
[SourceTitle "EXT 2019"]
[Source "ChessBase"]
[SourceDate "2018.10.10"]
[SourceVersion "1"]
[SourceVersionDate "2018.10.10"]
[SourceQuality "1"]

1. Nf3 Nf6 2. c4 e6 3. e3 d5 4. d4 Nc6 5. Nc3 Bb4 6. Bd3 0-0 7. 0-0 dxc4 8. Bxc4 a6 9. Re1 Bd6 10. b3 e5 11. dxe5 Nxe5 12. Be2 Qe7 13. Bb2 Rd8 14. Qc2 Bg4 1/2-1/2

[Event "Dyfed op"]
[Site "Fishguard"]
[Date "2017.02.25"]
[Round "3"]
[White "Bourne, Johnathan"]
[Black "May, Frank"]
[Result "1/2-1/2"]
[WhiteElo "1948"]
[BlackElo "2103"]
[PlyCount "40"]
[EventDate "2017.02.24"]
[EventType "swiss"]
[EventRounds "5"]
[EventCountry "WLS"]
[SourceTitle "EXT 2019"]
[Source "ChessBase"]
[SourceDate "2018.10.10"]
[SourceVersion "1"]
[SourceVersionDate "2018.10.10"]
[SourceQuality "1"]

1. e4 Nf6 2. e5 Nd5 3. d4 d6 4. Nf3 dxe5 5. Nxe5 c6 6. Be2 Nd7 7. Nf3 g6 8. 0-0 Bg7 9. c4 Nc7 10. Nc3 0-0 11. Be3 a6 12. a4 a5 13. Qc1 Na6 14. Rd1 Nb4 15. d5 Qe8 16. Bh6 Nf6 17. Bxg7 Kxg7 18. Qf4 Nd7 19. Rd2 e5 20. dxe6 fxe6 1/2-1/2

[Event "Dyfed op"]
[Site "Fishguard"]
[Date "2017.02.25"]
[Round "2"]
[White "May, Frank"]
[Black "Miles, Richard"]
[Result "1/2-1/2"]
[WhiteElo "2103"]
[BlackElo "1983"]
[PlyCount "38"]
[EventDate "2017.02.24"]
[EventType "swiss"]
[EventRounds "5"]
[EventCountry "WLS"]
[SourceTitle "EXT 2019"]
[Source "ChessBase"]
[SourceDate "2018.10.10"]
[SourceVersion "1"]
[SourceVersionDate "2018.10.10"]
[SourceQuality "1"]

1. f4 d5 2. Nf3 Nf6 3. g3 g6 4. Bg2 Bg7 5. 0-0 0-0 6. d3 c5 7. Qe1 Nc6 8. c3 d4 9. Na3 Nd5 10. Bd2 Bg4 11. Nc2 Rc8 12. Ng5 h6 13. Ne4 b6 14. Nf2 Be6 15. e4 dxe3 16. Nxe3 Nxe3 17. Bxe3 Bd5 18. Qe2 Bxg2 19. Kxg2 Qd5+ 1/2-1/2

[Event "WLS-chT 1617"]
[Site "Wales"]
[Date "2016.10.02"]
[Round "1.15"]
[White "May, Frank"]
[Black "Heaven, Peter"]
[Result "1/2-1/2"]
[WhiteElo "2090"]
[BlackElo "2023"]
[PlyCount "49"]
[EventDate "2016.10.02"]
[EventType "team-tourn"]
[EventRounds "5"]
[EventCountry "WLS"]
[SourceTitle "EXT 2019"]
[Source "ChessBase"]
[SourceDate "2018.10.10"]
[SourceVersion "1"]
[SourceVersionDate "2018.10.10"]
[SourceQuality "1"]
[WhiteTeam "Abergavenny"]
[BlackTeam "The Vale"]
[WhiteTeamCountry "WLS"]
[BlackTeamCountry "WLS"]

1. d4 Nf6 2. Nf3 e6 3. e3 c5 4. Bd3 d5 5. c3 Nc6 6. Nbd2 Bd6 7. 0-0 0-0 8. e4 cxd4 9. cxd4 e5 10. dxe5 Nxe5 11. Nxe5 Bxe5 12. exd5 Qxd5 13. Nf3 h6 14. Nxe5 Qxe5 15. Re1 Qa5 16. Bf4 Bg4 17. Qb3 Rfe8 18. Rxe8+ Rxe8 19. Qb5 Re1+ 20. Rxe1 Qxe1+ 21. Bf1 Qe4 22. Qe5 Qb1 23. f3 Be6 24. Kf2 Qc2+ 25. Kg1 1/2-1/2

[Event "WLS-chT 1516"]
[Site "Wales"]
[Date "2016.05.08"]
[Round "7.15"]
[White "Heap, Gerry"]
[Black "May, Frank"]
[Result "1-0"]
[WhiteElo "2087"]
[BlackElo "2124"]
[PlyCount "57"]
[EventDate "2015.11.01"]
[EventType "team-tourn"]
[EventRounds "7"]
[EventCountry "WLS"]
[SourceTitle "EXT 2018"]
[Source "ChessBase"]
[SourceDate "2017.10.13"]
[SourceVersion "1"]
[SourceVersionDate "2017.10.13"]
[SourceQuality "1"]

1. c4 Nf6 2. Nc3 e6 3. e4 d5 4. e5 d4 5. exf6 dxc3 6. bxc3 Qxf6 7. Nf3 Nd7 8. d4 h6 9. Bd3 Bd6 10. 0-0 0-0 11. Qe2 Re8 12. Qe4 c6 13. Be3 e5 14. Qh7+ Kf8 15. Rae1 e4 16. Bxe4 Ke7 17. Bxc6 Kd8 18. Ba4 Nf8 19. Qb1 Re7 20. c5 Bc7 21. d5 Bf5 22. Bc2 Bxc2 23. Qxc2 Bf4 24. Bd4 Qg6 25. Qb3 Rb8 26. Rxe7 Kxe7 27. Re1+ Kd8 28. Qa4 Nd7 29. Qxa7 1-0

[Event "WLS-chT 1415"]
[Site "Cardiff"]
[Date "2015.05.10"]
[Round "7.16"]
[White "Ralphs, Nigel"]
[Black "May, Frank"]
[Result "1/2-1/2"]
[WhiteElo "1961"]
[BlackElo "2141"]
[PlyCount "81"]
[EventDate "2014.10.19"]
[EventType "team-swiss"]
[EventRounds "7"]
[EventCountry "WLS"]
[SourceTitle "EXT 2016"]
[Source "ChessBase"]
[SourceDate "2015.10.08"]
[SourceVersion "1"]
[SourceVersionDate "2015.10.08"]
[SourceQuality "1"]

1. e4 Nf6 2. e5 Nd5 3. d4 d6 4. Nf3 dxe5 5. Nxe5 c6 6. Bc4 Bf5 7. g4 Be6 8. f4 Nc7 9. Be2 Nd7 10. 0-0 Nxe5 11. fxe5 Qd7 12. c4 g6 13. Nc3 Bg7 14. Ne4 0-0 15. Be3 b6 16. h3 f6 17. exf6 exf6 18. Ng3 Rad8 19. Qd2 Ne8 20. Rad1 Nd6 21. b3 f5 22. d5 cxd5 23. cxd5 Bf7 24. gxf5 gxf5 25. Bh6 Bg6 26. Bxg7 Qxg7 27. Kh2 Qe5 28. Qd4 Rde8 29. Qxe5 Rxe5 30. Rf4 Rfe8 31. Bf3 Rc8 32. Rd2 Rc3 33. Kg2 Ree3 34. Nf1 Red3 35. Rxd3 Rxd3 36. Kf2 Ne4+ 37. Bxe4 fxe4 38. Ne3 Kg7 39. h4 h6 40. h5 Bxh5 41. Rxe4 1/2-1/2

[Event "WLS-chT 0708"]
[Site "Wales"]
[Date "2008.01.27"]
[Round "5"]
[White "May, Frank"]
[Black "Rees, Ioan"]
[Result "1/2-1/2"]
[WhiteElo "2091"]
[BlackElo "2275"]
[PlyCount "110"]
[EventDate "2007.10.07"]
[EventType "team-swiss"]
[EventRounds "7"]
[EventCountry "WLS"]
[SourceTitle "EXT 2010"]
[Source "ChessBase"]
[SourceDate "2010.11.25"]
[SourceVersion "1"]
[SourceVersionDate "2010.11.25"]
[SourceQuality "1"]

1. Nf3 Nf6 2. c4 c5 3. Nc3 e6 4. g3 b6 5. Bg2 Bb7 6. 0-0 d6 7. Re1 Nbd7 8. e4 Rc8 9. d3 Be7 10. Nh4 Ng8 11. Nf3 Ngf6 12. Nh4 Ng8 13. Nf3 a6 14. b3 Bf6 15. Bb2 Ne5 16. Qd2 Ne7 17. Nd1 N7c6 18. Ne3 h5 19. Rad1 Kf8 20. h4 Nxf3+ 21. Bxf3 Bxb2 22. Qxb2 Nd4 23. Bg2 Qf6 24. Qd2 g5 25. hxg5 Qxg5 26. Nc2 Rg8 27. Qxg5 Rxg5 28. Nxd4 cxd4 29. Kh2 Ke7 30. f4 Rg7 31. Bh3 Rcg8 32. Rg1 Bc6 33. Rde1 Kd8 34. e5 Bf3 35. exd6 Kd7 36. f5 Bg4 37. fxe6+ fxe6 38. Re4 Bxh3 39. Kxh3 Rg4 40. Rxg4 Rxg4 41. Kg2 Kxd6 42. Rh1 Rg5 43. b4 Re5 44. Rh4 Re2+ 45. Kf1 Re3 46. Rxd4+ Ke5 47. Rd8 Rxg3 48. Kf2 h4 49. c5 bxc5 50. bxc5 Rg7 51. Rh8 Kd4 52. Rxh4+ Kxd3 53. Ra4 Rc7 54. Rxa6 Rxc5 55. Rxe6 Rc2+ 1/2-1/2

[Event "BCF-chT3 0405 (4NCL)"]
[Site "Telford"]
[Date "2005.05.28"]
[Round "9.4"]
[White "Heard, Andrew"]
[Black "May, Frank"]
[Result "0-1"]
[WhiteElo "1980"]
[BlackElo "2144"]
[PlyCount "78"]
[EventDate "2004.11.06"]
[EventType "team-tourn"]
[EventRounds "11"]
[EventCountry "ENG"]
[SourceTitle "EXT 2006"]
[Source "ChessBase"]
[SourceDate "2005.11.24"]
[SourceVersion "1"]
[SourceVersionDate "2005.11.24"]
[SourceQuality "1"]
[WhiteTeam "South County Stars"]
[BlackTeam "SW Dragons II"]
[WhiteTeamCountry "ENG"]
[BlackTeamCountry "ENG"]

1. Nf3 d5 2. c4 e6 3. g3 Nf6 4. Bg2 Be7 5. 0-0 0-0 6. Qc2 Nbd7 7. d3 c6 8. Nc3 Re8 9. e4 dxe4 10. dxe4 e5 11. Nh4 Nc5 12. Rd1 Qc7 13. Nf5 Bf8 14. Bg5 Nfd7 15. Qd2 Ne6 16. Be3 Nf6 17. Bf3 Rd8 18. Qe2 Bd7 19. a3 Be8 20. Rxd8 Rxd8 21. Rd1 g6 22. Nh6+ Kg7 23. Ng4 Nxg4 24. Bxg4 Nd4 25. Bxd4 exd4 26. Nb1 a5 27. Nd2 Bd7 28. Nb3 Bxg4 29. Qxg4 Qb6 30. Rd3 a4 31. Nd2 Qxb2 32. Qg5 Rd7 33. Qe5+ Kg8 34. Kg2 c5 35. Qe8 Qc2 36. Qxd7 Qxd3 37. Nf3 Qxe4 38. Qxa4 g5 39. h3 h5 0-1

[Event "BCF-chT3 0405 (4NCL)"]
[Site "Telford"]
[Date "2005.04.17"]
[Round "8.4"]
[White "May, Frank"]
[Black "Fraser Mitchell, Jeremy N"]
[Result "1/2-1/2"]
[WhiteElo "2144"]
[BlackElo "2101"]
[PlyCount "67"]
[EventDate "2004.11.06"]
[EventType "team-tourn"]
[EventRounds "11"]
[EventCountry "ENG"]
[SourceTitle "EXT 2006"]
[Source "ChessBase"]
[SourceDate "2005.11.24"]
[SourceVersion "1"]
[SourceVersionDate "2005.11.24"]
[SourceQuality "1"]
[WhiteTeam "SW Dragons II"]
[BlackTeam "FCA Solutions"]
[WhiteTeamCountry "ENG"]
[BlackTeamCountry "ENG"]

1. d4 f5 2. g3 Nf6 3. Bg2 g6 4. Nf3 Bg7 5. 0-0 0-0 6. c4 d6 7. Nc3 Qe8 8. d5 Na6 9. Nd4 Bd7 10. b3 c6 11. Bb2 Rb8 12. e3 Nc7 13. Qd2 c5 14. Nde2 b5 15. Rac1 Qf7 16. cxb5 Nxb5 17. Rfd1 Ne4 18. Nxe4 Bxb2 19. Qxb2 fxe4 20. Nc3 Nxc3 21. Rxc3 Bg4 22. Rd2 Bf3 23. Rc4 Bxg2 24. Kxg2 Qf3+ 25. Kg1 Rf5 26. Qc2 Re5 27. Qd1 Qxd1+ 28. Rxd1 Rb5 29. Ra4 a5 30. Kg2 Kf7 31. f4 exf3+ 32. Kxf3 e6 33. dxe6+ Kxe6 34. e4 1/2-1/2

[Event "WLS-ch"]
[Site "Cardiff"]
[Date "2005.03.27"]
[Round "5"]
[White "May, Frank"]
[Black "White, Michael JR"]
[Result "1-0"]
[WhiteElo "2144"]
[BlackElo "2166"]
[PlyCount "81"]
[EventDate "2005.03.25"]
[EventType "swiss"]
[EventRounds "7"]
[EventCountry "WLS"]
[SourceTitle "EXT 2006"]
[Source "ChessBase"]
[SourceDate "2005.11.24"]
[SourceVersion "1"]
[SourceVersionDate "2005.11.24"]
[SourceQuality "1"]

1. d4 Nf6 2. c4 g6 3. Nc3 Bg7 4. e4 d6 5. Nge2 0-0 6. Ng3 Nc6 7. d5 Ne5 8. Be2 c6 9. 0-0 h5 10. Bg5 Nh7 11. Be3 h4 12. Nh1 f5 13. f4 Ng4 14. Bxg4 fxg4 15. Nf2 e5 16. Nd3 g3 17. fxe5 gxh2+ 18. Kxh2 Rxf1 19. Qxf1 dxe5 20. Kh1 h3 21. gxh3 Qh4 22. Nf2 Bd7 23. Qg2 Rf8 24. Rg1 g5 25. Ncd1 Bh6 26. Ng4 Kh8 27. Ndf2 cxd5 28. cxd5 Bg7 29. Kh2 Rc8 30. Rc1 Rxc1 31. Bxc1 Qh5 32. Qf3 Qe8 33. Bd2 Qe7 34. Bc3 Nf8 35. Ne3 b6 36. Nf5 Bxf5 37. Qxf5 Qc5 38. Bxe5 Kg8 39. Bxg7 Ng6 40. Bf6 Nf4 41. Qxg5+ 1-0

[Event "BCF-chT3 0405 (4NCL)"]
[Site "Telford"]
[Date "2005.01.16"]
[Round "4.4"]
[White "May, Frank"]
[Black "Tompson, John C"]
[Result "1/2-1/2"]
[WhiteElo "2144"]
[BlackElo "2081"]
[PlyCount "45"]
[EventDate "2004.11.06"]
[EventType "team-tourn"]
[EventRounds "11"]
[EventCountry "ENG"]
[SourceTitle "EXT 2006"]
[Source "ChessBase"]
[SourceDate "2005.11.24"]
[SourceVersion "1"]
[SourceVersionDate "2005.11.24"]
[SourceQuality "1"]
[WhiteTeam "SW Dragons II"]
[BlackTeam "Numerica 3CS II"]
[WhiteTeamCountry "ENG"]
[BlackTeamCountry "ENG"]

1. d4 g6 2. c4 Nf6 3. Nf3 Bg7 4. Nc3 0-0 5. Bg5 d6 6. e3 c5 7. d5 b5 8. cxb5 Qa5 9. Nd2 Nbd7 10. Nc4 Qc7 11. Be2 Nb6 12. 0-0 Nxc4 13. Bxc4 a6 14. Qe2 axb5 15. Nxb5 Qb7 16. e4 Ng4 17. f4 Ra4 18. b3 Ra5 19. h3 Bd7 20. hxg4 Bxa1 21. Rxa1 Bxb5 22. e5 Bxc4 23. bxc4 1/2-1/2

[Event "BCF-chT3 0405 (4NCL)"]
[Site "Telford"]
[Date "2005.01.15"]
[Round "3.4"]
[White "Punnett, Alan Kenneth"]
[Black "May, Frank"]
[Result "1-0"]
[WhiteElo "2120"]
[BlackElo "2144"]
[PlyCount "49"]
[EventDate "2004.11.06"]
[EventType "team-tourn"]
[EventRounds "11"]
[EventCountry "ENG"]
[SourceTitle "EXT 2006"]
[Source "ChessBase"]
[SourceDate "2005.11.24"]
[SourceVersion "1"]
[SourceVersionDate "2005.11.24"]
[SourceQuality "1"]
[WhiteTeam "Guildford III"]
[BlackTeam "SW Dragons II"]
[WhiteTeamCountry "ENG"]
[BlackTeamCountry "ENG"]

1. d4 e6 2. c4 Nf6 3. Nc3 d5 4. Nf3 Nbd7 5. g3 Be7 6. Bg2 0-0 7. 0-0 dxc4 8. e4 c6 9. Qe2 b5 10. d5 exd5 11. exd5 Nxd5 12. Nxd5 cxd5 13. Nd4 Bb7 14. Nxb5 Nc5 15. Be3 Re8 16. Qg4 Nd3 17. Bd4 Bf6 18. Bxf6 Qxf6 19. Nc7 Bc6 20. Nxa8 Rxa8 21. b3 Ne5 22. Qf4 c3 23. Qxf6 gxf6 24. f4 Ng4 25. Rfc1 1-0

[Event "BCF-chT3 0405 (4NCL)"]
[Site "Telford"]
[Date "2004.11.06"]
[Round "1.5"]
[White "May, Frank"]
[Black "Gregory, Keith D"]
[Result "1/2-1/2"]
[WhiteElo "2144"]
[BlackElo "2087"]
[PlyCount "49"]
[EventDate "2004.11.06"]
[EventType "team-tourn"]
[EventRounds "11"]
[EventCountry "ENG"]
[SourceTitle "EXT 2006"]
[Source "ChessBase"]
[SourceDate "2005.11.24"]
[SourceVersion "1"]
[SourceVersionDate "2005.11.24"]
[SourceQuality "1"]
[WhiteTeam "SW Dragons II"]
[BlackTeam "Wessex II"]
[WhiteTeamCountry "ENG"]
[BlackTeamCountry "ENG"]

1. Nf3 g6 2. c4 Bg7 3. Nc3 d6 4. g3 Nf6 5. Bg2 0-0 6. 0-0 Nc6 7. d3 e5 8. Rb1 h6 9. b4 Nh5 10. b5 Ne7 11. a4 f5 12. Bd2 g5 13. a5 Rb8 14. Ne1 f4 15. Ne4 Ng6 16. Bb4 b6 17. Ra1 Nf6 18. axb6 axb6 19. Ra7 Nxe4 20. Bxe4 Bf5 21. Bg2 Ne7 22. Nc2 Qd7 23. Ba3 Kh8 24. Nb4 Rbc8 25. Nc6 1/2-1/2

[Event "BCF-chT3 0304 (4NCL)"]
[Site "West Bromwich"]
[Date "2004.03.28"]
[Round "6.2"]
[White "May, Frank"]
[Black "Briscoe, Christopher"]
[Result "1-0"]
[WhiteElo "2146"]
[BlackElo "2192"]
[PlyCount "58"]
[EventDate "2003.11.23"]
[EventType "team-tourn"]
[EventRounds "11"]
[EventCountry "ENG"]
[SourceTitle "EXT 2005"]
[Source "ChessBase"]
[SourceDate "2004.11.15"]
[SourceVersion "1"]
[SourceVersionDate "2004.11.15"]
[SourceQuality "1"]
[WhiteTeam "SW Dragons II"]
[BlackTeam "Guildford III"]
[WhiteTeamCountry "ENG"]
[BlackTeamCountry "ENG"]

1. d4 Nf6 2. c4 g6 3. Nc3 d5 4. Nf3 Bg7 5. Bg5 Ne4 6. Bh4 c5 7. e3 cxd4 8. exd4 Qa5 9. Qb3 Nc6 10. cxd5 Bxd4 11. 0-0-0 Bxc3 12. bxc3 Nxc3 13. dxc6 Nxd1 14. Bc4 Qc3+ 15. Kxd1 Qxb3+ 16. Bxb3 bxc6 17. Re1 e6 18. Bf6 0-0 19. h4 h5 20. Ne5 Bb7 21. f3 a5 22. g4 a4 23. Bc2 hxg4 24. fxg4 c5 25. h5 a3 26. Re3 Rfd8+ 27. Kc1 Rd4 28. hxg6 Rf4 29. gxf7+ Kf8 1-0

[Event "BCF-chT3 0304 (4NCL)"]
[Site "West Bromwich"]
[Date "2004.03.27"]
[Round "5.2"]
[White "Sujoldzic, Dino"]
[Black "May, Frank"]
[Result "0-1"]
[WhiteElo "2184"]
[BlackElo "2146"]
[PlyCount "88"]
[EventDate "2003.11.23"]
[EventType "team-tourn"]
[EventRounds "11"]
[EventCountry "ENG"]
[SourceTitle "EXT 2005"]
[Source "ChessBase"]
[SourceDate "2004.11.15"]
[SourceVersion "1"]
[SourceVersionDate "2004.11.15"]
[SourceQuality "1"]
[WhiteTeam "Slough II"]
[BlackTeam "SW Dragons II"]
[WhiteTeamCountry "ENG"]
[BlackTeamCountry "ENG"]

1. d4 d5 2. c4 e6 3. Nc3 c6 4. Nf3 dxc4 5. a4 Bb4 6. e4 b5 7. Qc2 Bb7 8. Be2 a6 9. 0-0 Nf6 10. Bg5 h6 11. Bh4 Nbd7 12. Ne5 Qb6 13. Nxd7 Nxd7 14. Rfd1 0-0 15. Bg4 c5 16. d5 Ne5 17. Be2 Bxc3 18. Qxc3 Ng6 19. Bg3 exd5 20. exd5 f5 21. a5 Qf6 22. Qxf6 Rxf6 23. Bc7 Nf8 24. Be5 Rf7 25. f4 Rd8 26. d6 Be4 27. Ra3 Rfd7 28. g4 Ne6 29. gxf5 Bxf5 30. Rg3 Nd4 31. Kf2 g6 32. Bg4 Kf7 33. Rdg1 Rxd6 34. Bxd6 Rxd6 35. Re3 Bxg4 36. Rxg4 Nf5 37. Re2 Rd3 38. Rg1 Nd4 39. Re5 Rd2+ 40. Kg3 Ne2+ 41. Rxe2 Rxe2 42. Rb1 Re3+ 43. Kg4 Rb3 44. Rd1 Rxb2 0-1